Analýza kalkulácie záväzkov z poistných zmlúv podľa IFRS 17 diplomová práca

Na minha lista:
Detalhes bibliográficos
Autor principal: Slabá, Veronika
Autor Corporativo: Fakulta hospodárskej informatiky EU. Katedra matematiky a aktuárstva
Outros Autores: Šoltésová, Tatiana, 1975-
Formato: Livro
Idioma:eslovaco
Publicado em: Bratislava 2024
Tags: Adicionar Tag
Sem tags, seja o primeiro a adicionar uma tag!

MARC

LEADER 00000nbm a2200000 4500
001 0301242
005 20260126142122.1
041 0 |a slo 
044 |a SK 
245 1 0 |a Analýza kalkulácie záväzkov z poistných zmlúv podľa IFRS 17  |b diplomová práca  |c Veronika Slabá ; školiteľ: Tatiana Šoltésová 
264 1 |a Bratislava  |c 2024 
300 |a 63 s. 
100 1 |a Slabá, Veronika 
700 1 |a Šoltésová, Tatiana, 1975- 
710 2 |a Fakulta hospodárskej informatiky EU. Katedra matematiky a aktuárstva